000 00837cam a22002653a 4500
001 6713
003 PGUSA
005 20140828083136.0
008 041001s2004||||xxu|||||s|||||000 | eng d
040 _aPGUSA
_beng
042 _adc
050 4 _aBV
100 1 _aLowe, Clara M. S.
245 1 0 _aGod's Answers :
_bA Record of Miss Annie Macpherson's Work at the Home of Industry, Spitalfields, London, and in Canada
_h[electronic resource] /
_cClara M. S. Lowe
260 _bProject Gutenberg,
_c2004
506 _aPublic domain in the USA.
516 _aElectronic text
653 _aHome missions
653 _aChurch work with children
653 _aMacpherson, Annie
653 _aCanada -- Emigration and immigration
830 0 _aProject Gutenberg
_v6713
856 4 0 _uhttp://www.gutenberg.org/ebooks/6713
942 _cEB
999 _c236033
_d236033